A lenda de Ícaro (Registo nº 4193)
[ vista simples ]
| 000 -Etiqueta do registo | |
|---|---|
| Cabeçalho | 00864nam0a2200289 4500 |
| 005 - Identificador da versão | |
| Campo de controlo | 20240813122055.0 |
| 095 ## - | |
| -- | PTBN00467492 |
| 010 ## - Número internacional normalizado dos livros (ISBN) | |
| Número (ISBN) | 9724111857 |
| 021 ## - Número do Depósito Legal | |
| Código do país | PT |
| Número | 139166/99 |
| 100 ## - Dados gerais de processamento | |
| Dados gerais de processamento | 20170126d1999 cd y0pory5003 ba |
| 102 ## - Pais de publicação ou produção | |
| País de publicação | Portugal |
| 101 1# - Língua de publicação | |
| Língua do texto, banda sonora, etc. | Português |
| 215 ## - Descrição física | |
| Indicação específica da natureza do documento e extensão da espécie | [28] p. |
| Outras indicações físicas | il. color |
| 200 1# - Titulo e menção de responsabilidade | |
| Título próprio | A lenda de Ícaro |
| Informação de outro título | lenda grega |
| Primeira menção de responsabilidade | adapt. Isidro Sánchez |
| Outras menções de responsabilidade | trad. Francisco Alba Linhares |
| -- | il. Montserrat Tobella |
| 225 1# - Colecção | |
| Título próprio da colecção | Fábulas e lendas |
| Indicação de volume | 2 |
| 205 ## - Menção da edição | |
| Menção da edição | 4ª ed |
| 210 ## - Publicação, Distribuição, etc. | |
| Lugar da edição, distribuição, etc. | Porto |
| Nome do editor, distribuidor, etc. | ASA |
| Data da publicação, distribuição, etc. | 1999 |
| 606 ## - Nome comum usado como assunto | |
| Número de registo de entrada de autoridade | 0001658 |
| Palavra de ordem | Literatura grega |
| Subdivisão de assunto | Lendas |
| Código do sistema | CA |
| 675 ## - Classificação Decimal Universal (CDU) | |
| Notação | 821.14-343 |
| Edição | 3ª ed. |
| Língua da edição | por |
| 702 #1 - Nome de autor-pessoa física (responsabilidade secundária) | |
| Número de registo de entrada de autoridade | 0000840 |
| Palavra de ordem | Sánchez |
| Outra parte do nome não tomada para palavra de ordem | Isidro |
| Código de função | Adaptador |
| Número de registo de entrada de autoridade | 0000841 |
| Palavra de ordem | Linhares |
| Outra parte do nome não tomada para palavra de ordem | Francisco Alba |
| Código de função | Tradutor |
| Número de registo de entrada de autoridade | 0000842 |
| Palavra de ordem | Tobella |
| Outra parte do nome não tomada para palavra de ordem | Montserrat |
| Código de função | Ilustrador / Técnico de desenho computorizado |
| 966 ## - Identificação da Biblioteca | |
| Sigla | EBVEN |
| 942 ## - Elementos de entrada adicionados (Koha) | |
| Tipo de item no Koha | Livro |
| Situação do levantamento | Origin of item (home branch) (coded) | Biblioteca de empréstimo | Código de barras | Cota | Circulation type (not for loan) | Tipo de documento | Nota do exemplar | Damaged status |
|---|---|---|---|---|---|---|---|---|
| Biblioteca Escolar das Vendas | Biblioteca Escolar das Vendas | BEV85 | 8EST LEN | Livro | Sem mensagem |
